Normal view
MARC view
- Teatre didàctic.
Entry Terme temàtic
001 - NÚMERO DE CONTROL
- campo de control: 166763
003 - IDENTIFICADOR DEL NÚMERO DE CONTROL
- campo de control: ES-BaIT
005 - FECHA Y HORA DE LA ÚLTIMA TRANSACCIÓN
- campo de control: 20250722083743.0
008 - DATOS DE LONGITUD FIJA
- campo de control de longitud fija: 250722|| aca||babn | a|a d
040 ## - FUENTE DE LA CATALOGACIÓN
- Centro catalogador/agencia de origen: ES-BaIT
150 ## - ENCABEZAMIENTO--TÉRMINO DE MATERIA
- Término de materia o nombre geográfico como elemento de entrada: Teatre didàctic.
450 ## - TRAZADO DE VÉASE--TÉRMINO DE MATERIA
- Término de materia o nombre geográfico como elemento de entrada: Teatre compromès
550 ## - TRAZADO VÉASE ADEMÁS--TÉRMINO DE MATERIA
- Término de materia o nombre geográfico como elemento de entrada: Literatura dramàtica
- Subcampo de control: g
670 ## - FUENTE DE DATOS ENCONTRADOS
- Cita de la fuente: RAMEAU
- Información encontrada: (enc.: Théâtre didactique)
670 ## - FUENTE DE DATOS ENCONTRADOS
- Cita de la fuente: LCSH
- Información encontrada: (enc.: Didactic drama)
680 ## - NOTA GENERAL PÚBLICA
- Texto explicativo: Aquest encapçalament es pot qualificar per l'adjectiu de llengua o de nacionalitat


